Detailed Dewey Decimal System - Statistics

General Stats
  • This quiz has been taken 73 times
  • The average score is 36 of 100
Answer Stats
Hint Answer % Correct
200 Religion
85%
900 History
82%
990 History of Other Areas
82%
400 Language
79%
800 Literature, Rhetoric, & Criticism
79%
490 Other Languages
79%
890 Other Literatures
79%
420 English & Old English Languages
74%
910 Geography & Travel
72%
570 Biology
69%
700 Arts
67%
000 Computer science, information, and general works
67%
110 Metaphysics
67%
500 Science
67%
540 Chemistry
64%
440 French & Related Languages
64%
140 Philosophical Schools of Thought
64%
100 Philosophy
64%
950 History of Asia
62%
970 History of North America
62%
510 Mathematics
62%
250 Christian Orders & Local Church
59%
240 Christian Practice & Observance
59%
960 History of Africa
59%
940 History of Europe
56%
300 Social Sciences
56%
130 Parapsychology & Occultism
54%
150 Psychology
54%
430 German & Related Languages
51%
590 Animals
49%
920 Biography & Genealogy
49%
600 Technology
49%
330 Economics
46%
780 Music
46%
320 Political Science
46%
620 Engineering
44%
610 Medicine & Health
44%
530 Physics
44%
520 Astronomy
41%
550 Earth Sciences & Geology
41%
980 History of South America
41%
450 Italian, Romanian, & Related Languages
41%
480 Classical & Modern Greek Languages
38%
790 Sports, Games, & Entertainment
36%
750 Painting
33%
580 Plants
33%
340 Law
31%
020 Library & Information Sciences
31%
290 Other Religions
31%
220 The Bible
31%
230 Christianity
28%
370 Education
28%
720 Architecture
26%
030 Encyclopedias & Books of Facts
26%
820 English & Old English Literatures
26%
070 News Media, Journalism, and Publishing
26%
120 Epistemology
23%
560 Fossils & Prehistoric Life
23%
770 Photography
23%
730 Sculpture, Ceramics, and Metalwork
23%
010 Bibliographies
21%
410 Linguistics
21%
260 Social & Ecclesiastical Theology
21%
630 Agriculture
18%
810 American Literature in English
18%
840 French & Related Literatures
18%
830 German & Related Literatures
18%
930 History of the Ancient World
18%
850 Italian, Romanian, & Related Literatures
18%
090 Manuscripts and Rare Books
18%
060 Associations, Organizations, and Museums
15%
380 Commerce, Communications, & Transportation
15%
690 Construction of Buildings
15%
170 Ethics
15%
650 Management & Public Relations
15%
160 Philisophical Logic
15%
350 Public Administration & Military Science
15%
080 Quotations
15%
860 Spanish, Portuguese, & Related Literatures
15%
310 Statistics
15%
040 (Unassigned)
15%
180 Ancient, Medieval, and Easten Philosophy
13%
740 Graphic Arts & Decorative Arts
13%
640 Home & Family Management
13%
050 Magazines, Journals, and Serials
13%
670 Manufacturing
13%
190 Modern Western Philosphy
13%
760 Printmaking & Prints
13%
660 Chemical Engineering
10%
880 Classical & Modern Greek Liberatures
10%
270 History of Christianity
10%
280 Christian Denominations
8%
390 Customs, Etiquette, & Folklore
8%
870 Latin & Italic Literatures
8%
210 Philosophy & Theory of Religion
8%
360 Social Problems & Social Services
8%
460 Spanish, Portuguese, Galician
8%
470 Latin & Italic Languages
5%
680 Manufacture for Specific Uses
5%
710 Area Planning & Landscape Architecture
3%
No matching quizzes found
Score Distribution
Percent of People with Each Score
Percentile by Number Answered
Your Score History
You have not taken this quiz